Medicina laboratorial veterinaria : (Registro nro. 24018)

Detalles MARC
000 -LEADER
fixed length control field 01812nam a2200301 4500
001 - CONTROL NUMBER
control field 0000018105
003 - CONTROL NUMBER IDENTIFIER
control field CO-CtgCURN
005 - DATE AND TIME OF LATEST TRANSACTION
control field 20250331185239.0
007 - PHYSICAL DESCRIPTION FIXED FIELD--GENERAL INFORMATION
fixed length control field ta
008 - FIXED-LENGTH DATA ELEMENTS--GENERAL INFORMATION
fixed length control field 160627s2007 000 0 eng d
020 ## - INTERNATIONAL STANDARD BOOK NUMBER
International Standard Book Number 9788496344185
040 ## - CATALOGING SOURCE
Original cataloging agency CO-CtgCURN
Language of cataloging spa
Transcribing agency coctgcurn
082 0# - DEWEY DECIMAL CLASSIFICATION NUMBER
Classification number 636.089
Item number M575
100 1# - MAIN ENTRY--PERSONAL NAME
Personal name Meyer, Denny J.
245 10 - TITLE STATEMENT
Title Medicina laboratorial veterinaria :
Remainder of title interpretacion y diagnosis /
Statement of responsibility, etc. Denny J. Meyer, Jhon W. Harvey.
250 ## - EDITION STATEMENT
Edition statement 3a ed.
260 ## - PUBLICATION, DISTRIBUTION, ETC.
Place of publication, distribution, etc. Madrid :
Name of publisher, distributor, etc. Multimedica ediciones veterinaria,
Date of publication, distribution, etc. 2007.
300 ## - PHYSICAL DESCRIPTION
Extent 452 p.
336 ## - CONTENT TYPE
Source rdacontent
337 ## - MEDIA TYPE
Source rdamedia
Media type term sin mediacion
Media type code n
338 ## - CARRIER TYPE
Source rdacarrier
Carrier type term volumen
Carrier type code nc
505 8# - FORMATTED CONTENTS NOTE
Formatted contents note Contenido: Introducción a la medicina de laboratorio.--Procedimientos en hematología.--Hematopoyesis y evaluacion de la medula osea.--Evaluacion de alteraciones eritrociticas.--Evaluacion de alteraciones leucocitarias.--Evaluacion de la hemostasia: alteraciones de la coagulacion y de las plaquetas.--Inmunohematología.--Bioquímica clinica.--Evaluacion de proteinas plasmaticas.--Enzimas hepatobiliares y de musculo esqueletico y prueba de funcion hepatica.--Evaluacion de las alteraciones del pancreas exocrino e intestino.--Evaluacion de la funcion endocrina, metabolismo oseo y mineral, y metabolismo de lipidos.--Evaluacion de la funcion renal y la orina.--Evaluacion de las alteraciones electrolíticas y acido-base.--Evaluacion de fluidos: efusiones, liquido sinovial, liquido cefalorraquideo.--Manejo y clasificacion de las muestras de tejidos obtenidos por biopsia de aspiracion con aguja fina
650 14 - SUBJECT ADDED ENTRY--TOPICAL TERM
Topical term or geographic name entry element Medicina veterinaria.
700 1# - ADDED ENTRY--PERSONAL NAME
Personal name I.Harvey, Jhon W.
908 ## - PUT COMMAND PARAMETER (RLIN)
Put command parameter 160627
942 ## - ADDED ENTRY ELEMENTS (KOHA)
Koha item type Libros
Classification part 636.089
Item part M575
Source of classification or shelving scheme Dewey Decimal Classification
Existencias
Withdrawn status Lost status Source of classification or shelving scheme Damaged status Not for loan Collection Home library Current library Shelving location Date acquired Inventory number Total checkouts Full call number Barcode Date last seen Price effective from Koha item type Public note
    Dewey Decimal Classification     General Miguel Henríquez Castañeda Miguel Henríquez Castañeda General 03/31/2025 015598   636.089 M575 015598 03/31/2025 03/31/2025 Libros 630-AGRICU